000 00382cam a22001217a 4500
008 180718b1967 xxu||||| |||| 00| 0 eng d
082 _aA81x5434 In2/61/20
100 _aCensus of India 1961
245 _aRajasthan district census handbook, Udaipur
260 _aJaipur
_bThe Director of Printing and Stationery
_c1967
300 _a464+p.
440 _aCensus of India 1961. Rajasthan
999 _c484591
_d484591